Disaster Response and recovery DM-804 (Record no. 553671)
[ view plain ]
| 000 -LEADER | |
|---|---|
| fixed length control field | 00308nam a22001097a 4500 |
| 082 ## - DEWEY DECIMAL CLASSIFICATION NUMBER | |
| Classification number | CP41 |
| 100 ## - MAIN ENTRY--PERSONAL NAME | |
| Personal name | Razia Sharif |
| 9 (RLIN) | 48548 |
| 245 ## - TITLE STATEMENT | |
| Title | Disaster Response and recovery DM-804 |
| Remainder of title | Razia Sharif |
| Statement of responsibility, etc. | Course Pack |
| 260 ## - PUBLICATION, DISTRIBUTION, ETC. | |
| Place of publication, distribution, etc. | Risalpur, |
| Name of publisher, distributor, etc. | MCE, |
| Date of publication, distribution, etc. | 2015. |
| 526 ## - STUDY PROGRAM INFORMATION NOTE | |
| Program name | 0 |
| Interest level | 0 |
| Reading level | 0 |
| Title point value | CP_000000000000000_41 |
| 942 ## - ADDED ENTRY ELEMENTS (KOHA) | |
| Source of classification or shelving scheme | |
| Koha item type | Book Bank |
| Withdrawn status | Lost status | Source of classification or shelving scheme | Damaged status | Not for loan | Permanent Location | Current Location | Date acquired | Total Checkouts | Full call number | Barcode | Date last seen | Price effective from | Koha item type |
|---|---|---|---|---|---|---|---|---|---|---|---|---|---|
| Military College of Engineering (MCE) | Military College of Engineering (MCE) | 02/26/2016 | CP41 | MCE-CP41 | 02/26/2016 | 02/26/2016 | Book Bank |
